Naxalism great hindrance to national development/ (Record no. 200524)
[ view plain ]
| 000 -LEADER | |
|---|---|
| fixed length control field | 00629nam a22001937a 4500 |
| 005 - DATE AND TIME OF LATEST TRANSACTION | |
| control field | 20250710125410.0 |
| 010 ## - LCCN (DPL NO) | |
| LC control number | ENG-139108 ENG-145897 |
| 020 ## - INTERNATIONAL STANDARD BOOK NUMBER | |
| International Standard Book Number | 9788194846857 |
| Terms of availability | 999.00 |
| 035 ## - SYSTEM CONTROL NUMBER | |
| System control number | EN-122640 |
| 035 ## - SYSTEM CONTROL NUMBER | |
| System control number | EN-129429 |
| 037 ## - SOURCE OF ACQUISITION | |
| Source of stock number/acquisition | DBAD/PUB |
| 082 ## - DEWEY DECIMAL CLASSIFICATION NUMBER | |
| Classification number | 320.5310954 |
| 100 ## - MAIN ENTRY--PERSONAL NAME | |
| Personal name | Harsharan singh |
| 245 ## - TITLE STATEMENT | |
| Title | Naxalism great hindrance to national development/ |
| Statement of responsibility, etc | By Harsharan singh |
| 260 ## - PUBLICATION, DISTRIBUTION, ETC. (IMPRINT) | |
| Place of publication, distribution, etc | New delhi |
| Name of publisher, distributor, etc | Jawahar publisher & distributors |
| Date of publication, distribution, etc | 2022 |
| 270 ## - ADDRESS | |
| City | New delhi |
| Address | 46,Samachar Apartment, mayur vihar-I |
| Postal code | 110091 |
| 300 ## - PHYSICAL DESCRIPTION | |
| Extent | 264p. |
| Dimensions | 9cm(pbk) |
| 942 ## - ADDED ENTRY ELEMENTS (KOHA) | |
| Source of classification or shelving scheme | Dewey Decimal Classification |
| Item type | English Books |
| Call number suffix | HAR |
| Classification part | 320.5310954 |
| Withdrawn status | Lost status | Not for loan | Collection code | Home library | Current library | Date acquired | Source of acquisition | Cost, normal purchase price | Full call number | Barcode | Copy number | Cost, replacement price | Koha item type |
|---|---|---|---|---|---|---|---|---|---|---|---|---|---|
| Not For Loan | Non-fiction | D.B.Act.Division | D.B.Act.Division | 10/07/2025 | Delivery of Books Act Division | 999.00 | HAR 320.5310954 | EN-129429 | 1 | 999.00 | English Books | ||
| Non-fiction | Sarojini Nagar | Sarojini Nagar | 02/02/2024 | DBAD/PUB | 999.00 | 320.5310954 HAR | EN-122640 | 1 | 999.00 | English Books |
